Nutrition & Diet Therapy (Record no. 854536)

MARC details
000 -LEADER
fixed length control field 00337nam a2200133Ia 4500
008 - FIXED-LENGTH DATA ELEMENTS--GENERAL INFORMATION
fixed length control field 230818s1999 xx 000 0 und d
041 ## - LANGUAGE CODE
Language code of text/sound track or separate title eng
100 ## - MAIN ENTRY--PERSONAL NAME
Personal name Townsend / Roth
245 ## - TITLE STATEMENT
Title Nutrition & Diet Therapy
260 ## - PUBLICATION, DISTRIBUTION, ETC.
Name of publisher, distributor, etc. Delmar pub. Bestan
Date of publication, distribution, etc. 1999
300 ## - PHYSICAL DESCRIPTION
Extent 480p
520 ## - SUMMARY, ETC.
Summary, etc. Hard Board | Reference Copy
650 ## - SUBJECT ADDED ENTRY--TOPICAL TERM
Topical term or geographic name entry element Food Safety
Holdings
Withdrawn status Lost status Damaged status Not for loan Home library Current library Date acquired Source of acquisition Cost, normal purchase price Total Checkouts Barcode Date last seen Cost, replacement price Price effective from Koha item type
        College of Hotel & Tourism Management Studies, Navi Mumbai College of Hotel & Tourism Management Studies, Navi Mumbai 18/08/2023 New popular Book shop 578.00   HMM-B984 18/08/2023 578.00 18/08/2023 Book